000 00304nam a2200133Ia 4500
100 _aRajaraman/V
942 _cBK
654 _acomputer
245 _aComputer programming in Pascal
260 _bPrentice Hall of India
_aNew Dellhi
_c1992
082 _a1.6424
_bRAJ
300 _a219
546 _aENGLISH
999 _c31785
_d31785